000 00508nam a22001697a 4500
008 150520b xxu||||| |||| 00| 0 eng d
020 _a0835957853
041 0 _aeng
080 _a621.31
100 _aEl-Hawary, M. E.
245 1 0 _aPrinciples of electric machines with power electronic applications /
_cM.E. El-Hawary.
260 _aEnglewood Cliffs, NJ :
_bPrentice-Hall,
_cc1986.
300 _a739 f
_bme il
_c24 cm.
650 0 _aMakineria elektrike
650 0 _aElektronika energjisë
942 _2udc
_cBK
999 _c852
_d852